[Event "?"]
[Site "?"]
[Date "????.??.??"]
[Round "?"]
[White "Strauss, P."]
[Black "Pusch, H."]
[Result "0-1"]
[WhiteElo "1800"]
[BlackElo "2139"]
[PlyCount "134"]
[EventDate "2013.??.??"]
[WhiteTeam "BSW/DBAG 3"]
[BlackTeam "Rheno Palatinat"]

1. d4 Nf6 2. c4 g6 3. Nc3 d5 4. cxd5 Nxd5 5. e4 Nxc3 6. bxc3 Bg7 7. Bc4 c5 8.
Ne2 Nc6 9. Be3 cxd4 10. cxd4 Qa5+ 11. Bd2 Qa3 12. Rb1 O-O 13. O-O Rd8 14. d5
Qc5 15. Bb3 Ne5 16. Qc1 Qd6 17. Bf4 Qa6 18. Qe3 Bd7 19. Nd4 Ng4 20. Qd2 e5 21.
dxe6 Bxe6 22. Bxe6 fxe6 23. e5 Nxe5 24. Qe3 Nd3 25. Qxe6+ Kh8 26. Qxa6 bxa6 27.
Ne6 Nxf4 28. Nxf4 Rd2 29. a3 Ra2 30. Rb3 Bd4 31. g3 Re8 32. h4 Bc5 33. Nd5 Rf8
34. Nc3 Rxa3 35. Rxa3 Bxa3 36. Ne4 a5 37. Rd1 Kg7 38. Ng5 Re8 39. Kg2 h6 40.
Nf3 Re7 41. Rd5 Bb4 42. Nd4 Bc3 43. Nc6 Re2 44. Nxa5 Ra2 45. Nb3 Be1 46. Nc1
Rxf2+ 47. Kg1 Rf7 48. Kg2 Bb4 49. Nd3 Bc3 50. Nf4 Bb4 51. Rb5 a5 52. Rb6 Rf6
53. Rb7+ Rf7 54. Rb6 Ra7 55. Rxg6+ Kh7 56. Rb6 Bc3 57. Rb3 Bg7 58. Ne6 a4 59.
Ra3 Bb2 60. Ra2 a3 61. Kf3 Ra5 62. Nf4 Rb5 63. Nd3 Rb3 64. Ke4 h5 65. Nc5 Rxg3
66. Nd3 Rg2 67. Ne5 Re2+ 0-1

[Event "?"]
[Site "?"]
[Date "????.??.??"]
[Round "?"]
[White "Denda, R."]
[Black "Fitzke, U."]
[Result "1-0"]
[WhiteElo "2020"]
[BlackElo "2003"]
[PlyCount "175"]
[EventDate "2013.??.??"]
[WhiteTeam "Rheno Palatinat"]
[BlackTeam "BSW/DBAG 3"]

1. e4 c5 2. Nf3 d6 3. d4 cxd4 4. Nxd4 Bd7 5. Nc3 g6 6. Be3 Nf6 7. Be2 Bg7 8.
Qd2 Ng4 9. Bxg4 Bxg4 10. f3 Bd7 11. Bh6 O-O 12. O-O-O Nc6 13. Bxg7 Kxg7 14. h4
h5 15. Nd5 a6 16. Qc3 f6 17. Qe3 Nxd4 18. Qxd4 Rc8 19. Qb6 Qxb6 20. Nxb6 Rcd8
21. Rd2 Bc6 22. Rhd1 g5 23. hxg5 fxg5 24. e5 g4 25. fxg4 hxg4 26. Rd4 Kg6 27.
Rxg4+ Kf5 28. Rg7 dxe5 29. Re1 Kf6 30. Rg3 Rg8 31. Rxg8 Rxg8 32. Nc4 Rg5 33. g3
b5 34. Na5 Bd5 35. Re3 Kf5 36. b3 Rg4 37. Kd2 Rd4+ 38. Ke2 b4 39. c3 bxc3 40.
Rxc3 Kg4 41. Nc4 Re4+ 42. Kf2 Kf5 43. Ne3+ Ke6 44. Nxd5 Kxd5 45. Rc7 a5 46. Ra7
Kd4 47. Rxa5 Kd3 48. Rd5+ Kc3 49. Kf3 Re1 50. g4 Kb2 51. Ra5 Kc3 52. g5 Kd2 53.
Rd5+ Kc3 54. g6 Rg1 55. Rxe5 Rxg6 56. Rxe7 Ra6 57. Re2 Kd3 58. Rh2 Rf6+ 59. Kg4
Rf1 60. Kg5 Rf8 61. Rh4 Rf2 62. Ra4 Kc3 63. b4 Kc4 64. a3 Rf1 65. Ra5 Rf3 66.
b5 Rb3 67. a4 Rf3 68. Ra6 Kc5 69. b6 Kc6 70. a5 Kb7 71. Ra7+ Kb8 72. Re7 Ra3
73. Re5 Kb7 74. Kf6 Rb3 75. Re7+ Kc6 76. Rc7+ Kd6 77. Kf7 Rb5 78. Ra7 Rf5+ 79.
Kg6 Rb5 80. b7 Kc7 81. a6 Rb6+ 82. Kf7 Rb1 83. Ra8 Rf1+ 84. Ke6 Re1+ 85. Kd5
Rd1+ 86. Ke4 Re1+ 87. Kd3 Rb1 88. Rc8+ 1-0

[Event "?"]
[Site "?"]
[Date "????.??.??"]
[Round "?"]
[White "Nagorni, W."]
[Black "Eichner, C."]
[Result "1-0"]
[WhiteElo "2061"]
[BlackElo "2086"]
[PlyCount "65"]
[EventDate "2013.??.??"]
[WhiteTeam "Widukind 2"]
[BlackTeam "SV TUR Dresden"]

1. Nf3 g6 2. g3 Bg7 3. Bg2 f5 4. d4 Nf6 5. c4 d6 6. Nc3 O-O 7. O-O Nc6 8. d5
Na5 9. Nd2 c5 10. e4 a6 11. exf5 Bxf5 12. Qe2 Re8 13. Nde4 Nd7 14. Bd2 Rb8 15.
Ng5 Nf8 16. g4 Bd7 17. b3 b5 18. cxb5 axb5 19. Qf3 b4 20. Qf7+ Kh8 21. Nce4
Bxg4 22. Rae1 Qd7 23. Ng3 Nb7 24. Ne6 Bxe6 25. dxe6 Qb5 26. Bxb7 Qxb7 27. h4
Qc6 28. h5 d5 29. h6 Bb2 30. Bf4 Rb6 31. Be5+ Bxe5 32. Rxe5 Nxe6 33. Rxe6 1-0

[Event "?"]
[Site "?"]
[Date "????.??.??"]
[Round "?"]
[White "Schröter, H."]
[Black "Perk, E."]
[Result "1-0"]
[WhiteElo "2063"]
[BlackElo "2008"]
[PlyCount "52"]
[EventDate "2013.??.??"]
[WhiteTeam "SV TUR Dresden"]
[BlackTeam "Widukind 2"]

1. f4 Nf6 2. g3 d5 3. Bg2 c6 4. Nf3 e6 5. O-O Bd6 6. b3 O-O 7. Bb2 Nbd7 8. e3
b6 9. d3 Qc7 10. Nbd2 Bb7 11. c4 Rac8 12. Nb1 Qb8 13. e4 e5 14. fxe5 Nxe5 15.
Nxe5 Bxe5 16. d4 Bc7 17. Ba3 Bd6 18. e5 Bxe5 19. dxe5 Qxe5 20. Bxf8 Kxf8 21.
Nd2 a6 22. Nf3 Qe3+ 23. Kh1 g6 24. Qd4 Qh6 25. cxd5 cxd5 26. g4 Qf4 1-0

[Event "?"]
[Site "?"]
[Date "????.??.??"]
[Round "?"]
[White "Kluger, H."]
[Black "Appelt, G."]
[Result "1/2-1/2"]
[WhiteElo "1950"]
[BlackElo "2059"]
[PlyCount "44"]
[EventDate "2013.??.??"]
[WhiteTeam "Widukind 2"]
[BlackTeam "SV TUR Dresden"]

1. e4 c5 2. Nc3 g6 3. g3 Bg7 4. Bg2 d6 5. d4 Na6 6. Nge2 Bd7 7. Be3 Rc8 8. O-O
e6 9. Rb1 Ne7 10. a3 d5 11. b4 O-O 12. Qd2 b5 13. f3 Nc7 14. Bh6 Ne8 15. g4 Nd6
16. Bxg7 Kxg7 17. e5 Nc4 18. Qc1 Ng8 19. Nd1 a5 20. Ne3 axb4 21. Nxc4 dxc4 22.
axb4 Ne7 1/2-1/2

[Event "?"]
[Site "?"]
[Date "????.??.??"]
[Round "?"]
[White "Seibt, M."]
[Black "Hentzschel, E."]
[Result "1-0"]
[WhiteElo "2011"]
[BlackElo "1903"]
[PlyCount "68"]
[EventDate "2013.??.??"]
[WhiteTeam "SV TUR Dresden"]
[BlackTeam "Widukind 2"]

1. d4 Nf6 2. c4 e6 3. Nc3 c5 4. d5 exd5 5. cxd5 d6 6. e4 g6 7. Nf3 Bg7 8. Be2
O-O 9. O-O Re8 10. Nd2 a6 11. a4 b6 12. f4 Nbd7 13. Bf3 Bb7 14. Nc4 Qc7 15. Be3
Rad8 16. Bf2 h6 17. Rb1 Ba8 18. Bg3 Nh7 19. Qd3 Nhf8 20. Bf2 Qb8 21. Nd2 Qc7
22. Qxa6 Bb7 23. Qc4 Qc8 24. Nb5 Ba6 25. Rfc1 Qb8 26. Qb3 Nf6 27. Re1 N6h7 28.
Nc4 Bxb5 29. axb5 Qc7 30. Ra1 Ra8 31. Ra6 Rxa6 32. bxa6 Nd7 33. Ra1 Ra8 34. Qb5
Nb8 1-0

[Event "?"]
[Site "?"]
[Date "????.??.??"]
[Round "?"]
[White "Giulian, P."]
[Black "Palmo, P."]
[Result "1-0"]
[WhiteElo "2230"]
[BlackElo "2036"]
[PlyCount "71"]
[EventDate "2013.??.??"]
[WhiteTeam "Schottland"]
[BlackTeam "Turku"]

1. c4 Nf6 2. g3 e6 3. Bg2 d5 4. Nf3 Be7 5. O-O O-O 6. b3 c5 7. Bb2 Nc6 8. e3
Bd7 9. Nc3 dxc4 10. bxc4 Na5 11. Ne5 Be8 12. Qe2 Rc8 13. f4 Nc6 14. Nf3 Na5 15.
Rad1 a6 16. Ba1 Bc6 17. Bh3 Rb8 18. Rb1 b5 19. Ne5 bxc4 20. Rxb8 Qxb8 21. Nxc6
Nxc6 22. Qxc4 Qa7 23. Bg2 Nb8 24. Rb1 Qd7 25. Qe2 Nd5 26. Nxd5 exd5 27. Qd3 Rd8
28. Qxd5 Qxd5 29. Bxd5 Nd7 30. Bc4 Nb8 31. Be5 Nc6 32. Bc3 a5 33. Rb6 Rd6 34.
a3 Bd8 35. Ra6 Kf8 36. Be5 1-0

[Event "?"]
[Site "?"]
[Date "????.??.??"]
[Round "?"]
[White "Alkkiomäki, J."]
[Black "Bhopal, R."]
[Result "0-1"]
[WhiteElo "1977"]
[BlackElo "2077"]
[PlyCount "25"]
[EventDate "2013.??.??"]
[WhiteTeam "Turku"]
[BlackTeam "Schottland"]

1. e4 c5 2. Nf3 d6 3. d4 cxd4 4. Nxd4 Nf6 5. Nc3 a6 6. Bg5 Nbd7 7. Bc4 b5 8.
Bb3 Bb7 9. Qe2 Rc8 10. O-O g6 11. Kh1 Bg7 12. Rad1 O-O 13. f4 0-1

[Event "?"]
[Site "?"]
[Date "????.??.??"]
[Round "?"]
[White "Marks, I."]
[Black "Ranki, M."]
[Result "1-0"]
[WhiteElo "1981"]
[BlackElo "1925"]
[PlyCount "87"]
[EventDate "2013.??.??"]
[WhiteTeam "Schottland"]
[BlackTeam "Turku"]

1. c4 e5 2. g3 g6 3. Bg2 Bg7 4. Nc3 d6 5. e4 c6 6. Nge2 Ne7 7. O-O O-O 8. d3
Nd7 9. Be3 Nf6 10. h3 d5 11. cxd5 cxd5 12. exd5 Nexd5 13. Nxd5 Nxd5 14. Bc5 Re8
15. Qb3 Nb6 16. Qa3 Bf8 17. Rac1 Rb8 18. Qxa7 Nd7 19. Bxf8 Rxf8 20. Rc3 Qb6 21.
Qxb6 Nxb6 22. b3 Rd8 23. a4 Be6 24. a5 Nd5 25. Bxd5 Rxd5 26. b4 Rb5 27. Rb1
Bxh3 28. Rc7 Rd5 29. f4 Bf5 30. fxe5 Rxd3 31. Rb2 h5 32. Kf2 g5 33. Nc1 Rd5 34.
Nb3 h4 35. gxh4 gxh4 36. Nc5 b6 37. a6 bxc5 38. b5 Rb6 39. Rc6 Rb8 40. b6 Rd7
41. b7 Be4 42. Rc8+ Rd8 43. Rxb8 Rxb8 44. a7 1-0

[Event "?"]
[Site "?"]
[Date "????.??.??"]
[Round "?"]
[White "Rantanen, V."]
[Black "Dawson, A."]
[Result "0-1"]
[WhiteElo "1917"]
[BlackElo "1900"]
[PlyCount "96"]
[EventDate "2013.??.??"]
[WhiteTeam "Turku"]
[BlackTeam "Schottland"]

1. c4 e5 2. Nc3 Nf6 3. g3 c6 4. Nf3 e4 5. Ng5 d5 6. cxd5 cxd5 7. d3 h6 8. Nh3
Nc6 9. dxe4 d4 10. Nb1 Nxe4 11. Bg2 Bb4+ 12. Nd2 Qa5 13. Nf4 Bf5 14. Bxe4 Bxe4
15. O-O Bf5 16. Nb3 Qd8 17. Bd2 Be7 18. Qc1 Rc8 19. Qc4 g5 20. Nd3 Be6 21. Qb5
O-O 22. Rac1 Bd5 23. Qa4 a6 24. Nxd4 b5 25. Nxc6 bxa4 26. Nxd8 Rfxd8 27. a3 Bb3
28. Rxc8 Rxc8 29. Rc1 Rxc1+ 30. Bxc1 Kg7 31. Kf1 Kf6 32. Ke1 Kf5 33. f3 Ke6 34.
Kd2 a5 35. e4 f5 36. exf5+ Kxf5 37. Ke3 g4 38. f4 Bd8 39. Nf2 Bb6+ 40. Ke2 Bc4+
41. Ke1 Bd4 42. Nd1 Ke4 43. Nc3+ Kf3 44. f5 Bf2+ 45. Kd1 Bb3+ 46. Kd2 Be3+ 47.
Kd3 Bxc1 48. h3 gxh3 0-1

[Event "?"]
[Site "?"]
[Date "????.??.??"]
[Round "?"]
[White "Peltola, L."]
[Black "Van Geffen, B."]
[Result "0-1"]
[WhiteElo "2006"]
[BlackElo "2096"]
[PlyCount "118"]
[EventDate "2013.??.??"]
[WhiteTeam "Helsinki"]
[BlackTeam "Niederlande"]

1. e4 c5 2. Nf3 d6 3. d4 cxd4 4. Nxd4 Nf6 5. Nc3 a6 6. Bg5 Nbd7 7. f4 Qc7 8.
Qf3 h6 9. Bxf6 Nxf6 10. h3 e6 11. O-O-O Be7 12. g4 b5 13. Bd3 b4 14. Nce2 Nd7
15. Ng3 Nc5 16. Kb1 Bb7 17. f5 Bf6 18. Qe3 Nxd3 19. Qxd3 e5 20. Nde2 Rd8 21.
Rhg1 Ke7 22. Qb3 a5 23. c3 Qc5 24. cxb4 Qxb4 25. Nc3 Qxb3 26. axb3 Bh4 27. Nge2
Bf2 28. Rgf1 Bc5 29. Rf3 f6 30. Ng3 Rd7 31. Rfd3 Bc6 32. h4 Rb8 33. h5 Rxb3 34.
Nce2 Rdb7 35. Rxb3 Rxb3 36. Nc3 a4 37. Kc2 Bd4 38. Nge2 Rb4 39. Re1 Be3 40. Nc1
Bxc1 41. Kxc1 Rd4 42. Kc2 Kd7 43. Re3 Kc7 44. Kc1 Kb6 45. Kc2 Kc5 46. Kc1 d5
47. exd5 Bxd5 48. Rg3 Bb3 49. Rg1 Kc4 50. Ne2 Rd3 51. Rf1 Kd5 52. Nc3+ Kd4 53.
Re1 Re3 54. Rg1 e4 55. Kd2 Rh3 56. Ne2+ Ke5 57. Rc1 Rd3+ 58. Ke1 e3 59. Kf1
Rd1+ 0-1

[Event "?"]
[Site "?"]
[Date "????.??.??"]
[Round "?"]
[White "Holscher, P."]
[Black "Auvinen, E."]
[Result "1/2-1/2"]
[WhiteElo "2085"]
[BlackElo "1956"]
[PlyCount "127"]
[EventDate "2013.??.??"]
[WhiteTeam "Niederlande"]
[BlackTeam "Helsinki"]

1. d4 Nf6 2. Nf3 e6 3. c4 d5 4. Nc3 Be7 5. g3 Nbd7 6. Qb3 dxc4 7. Qxc4 a6 8.
Bf4 c5 9. dxc5 Bxc5 10. Bg2 b5 11. Qd3 Bb7 12. O-O O-O 13. Bd6 Bxd6 14. Qxd6
Qb6 15. Rad1 Rad8 16. Nh4 Bxg2 17. Nxg2 Rb8 18. Qf4 Rfc8 19. Ne3 Rc6 20. Rd2
Rbc8 21. Rfd1 Nf8 22. Qb4 Rb8 23. Rd6 Rbc8 24. a4 Rb8 25. axb5 axb5 26. Rxc6
Qxc6 27. Ra1 Ne8 28. Ra7 Nd6 29. h4 h6 30. h5 Nd7 31. Ng4 Qc5 32. Qxc5 Nxc5 33.
b4 Nce4 34. Nxe4 Nxe4 35. Ne5 Nd6 36. Nd7 Rd8 37. Nc5 e5 38. Kg2 e4 39. g4 Kf8
40. Kg3 Ne8 41. Rb7 Rd2 42. Nxe4 Rd4 43. Nc5 Rxb4 44. Nd7+ Ke7 45. Ne5+ Ke6 46.
Nd3 Nd6 47. Rb6 Rb1 48. Kf3 Kd7 49. Ne5+ Ke7 50. e3 Rb2 51. Nc6+ Kd7 52. Nd4
Kc7 53. Rc6+ Kd7 54. Ra6 Nc8 55. Ra5 Nd6 56. Ra7+ Kc8 57. Nc6 Rc2 58. Nb4 Rc7
59. Ra8+ Kd7 60. Rg8 Ne8 61. Nd5 Rb7 62. Nb4 Rc7 63. Nd5 Rc5 64. e4 1/2-1/2

[Event "?"]
[Site "?"]
[Date "????.??.??"]
[Round "?"]
[White "Patola, E."]
[Black "Van Duijn, R."]
[Result "1-0"]
[WhiteElo "1947"]
[BlackElo "2021"]
[PlyCount "113"]
[EventDate "2013.??.??"]
[WhiteTeam "Helsinki"]
[BlackTeam "Niederlande"]

1. c4 f5 2. d4 Nf6 3. Bg5 Ne4 4. Bf4 d6 5. Nd2 Nf6 6. g3 g6 7. Bg2 Bg7 8. Ngf3
O-O 9. O-O Nc6 10. d5 e5 11. Bg5 Ne7 12. Nb3 h6 13. Bxf6 Bxf6 14. Qd2 g5 15. h3
b6 16. Rfe1 Qe8 17. Nh2 Ng6 18. e4 f4 19. g4 f3 20. Nxf3 Nf4 21. Nh2 h5 22. f3
Kg7 23. Nc1 hxg4 24. fxg4 Rh8 25. Re3 Rh6 26. Ne2 Bd7 27. Ng3 Qh8 28. Rf1 Qh7
29. Rff3 Rh8 30. Kf1 Kf7 31. Qf2 Ke7 32. Nf5+ Bxf5 33. exf5 Qg8 34. Ke1 R8h7
35. Nf1 Kd8 36. Nd2 Kc8 37. Ne4 Bd8 38. Bf1 Qh8 39. Qh2 Rh4 40. Nf2 e4 41. Nxe4
Rxg4 42. Qc2 Rg1 43. Qc3 Qf8 44. Kf2 Rh1 45. f6 Rf7 46. Qa3 Kb7 47. Qa4 Bxf6
48. Qc6+ Kb8 49. Nxf6 Rxf6 50. Re8+ Qxe8 51. Qxe8+ Kb7 52. b4 Rh2+ 53. Kg3 Rxa2
54. c5 dxc5 55. bxc5 a5 56. c6+ Ka7 57. Qc8 1-0

[Event "?"]
[Site "?"]
[Date "????.??.??"]
[Round "?"]
[White "Munninghoff, A."]
[Black "Lyly, S."]
[Result "1/2-1/2"]
[WhiteElo "1945"]
[BlackElo "1893"]
[PlyCount "61"]
[EventDate "2013.??.??"]
[WhiteTeam "Niederlande"]
[BlackTeam "Helsinki"]

1. c4 e5 2. Nc3 Nf6 3. g3 d5 4. cxd5 Nxd5 5. Bg2 Nb6 6. Nf3 f6 7. O-O Be7 8. d3
O-O 9. Ne1 Nc6 10. a3 Be6 11. b4 Rb8 12. e3 Qd7 13. Bb2 a6 14. Rc1 f5 15. Ne2
Bf6 16. f4 Qd6 17. Nc2 Bb3 18. Qd2 Bxc2 19. Qxc2 exf4 20. Nxf4 Bxb2 21. Qxb2
Kh8 22. d4 Rbe8 23. d5 Ne5 24. Qd4 Rf7 25. Ne6 Rc8 26. Rf4 c6 27. Ng5 Rff8 28.
Rh4 h6 29. dxc6 bxc6 30. Nf3 Ng4 31. Qxd6 1/2-1/2

[Event "?"]
[Site "?"]
[Date "????.??.??"]
[Round "?"]
[White "Bisse, V."]
[Black "Andersson, S."]
[Result "0-1"]
[WhiteElo "1967"]
[BlackElo "1987"]
[PlyCount "68"]
[EventDate "2013.??.??"]
[WhiteTeam "VS Seniorenschachklub DD"]
[BlackTeam "Schweden 4"]

1. e4 c5 2. Nf3 e6 3. d4 cxd4 4. Nxd4 a6 5. Bd3 Qc7 6. O-O Nf6 7. Nc3 b5 8.
Nce2 Bb7 9. Ng3 h5 10. f3 Bd6 11. Bg5 h4 12. Nge2 Bxh2+ 13. Kf2 Bg3+ 14. Ke3
Qc5 15. Bxf6 gxf6 16. Kd2 Nc6 17. Nxc6 Bxc6 18. Nxg3 Qg5+ 19. Ke2 Qxg3 20. Rf2
Ke7 21. Qh1 Rag8 22. Qh3 Qe5 23. Rb1 Rg3 24. Qh1 d5 25. Rbf1 Qxb2 26. exd5 Bxd5
27. a4 Qe5+ 28. Kd1 bxa4 29. Bxa6 a3 30. Kd2 Qd4+ 31. Bd3 Qf4+ 32. Ke2 Rh5 33.
Ra1 Re5+ 34. Kd1 Qd4 0-1

[Event "?"]
[Site "?"]
[Date "????.??.??"]
[Round "?"]
[White "Sandklef, A."]
[Black "Guenther, E."]
[Result "1/2-1/2"]
[WhiteElo "1975"]
[BlackElo "2032"]
[PlyCount "41"]
[EventDate "2013.??.??"]
[WhiteTeam "Schweden 4"]
[BlackTeam "VS Seniorenschachklub DD"]

1. d4 c5 2. e3 Nf6 3. c4 e6 4. Nf3 d5 5. Nc3 Be7 6. Be2 O-O 7. O-O b6 8. b3 Bb7
9. Bb2 Nbd7 10. Qc2 Rc8 11. Rad1 Qc7 12. Qb1 Rfd8 13. Rd2 h6 14. Rfd1 Ne4 15.
Nxe4 dxe4 16. Ne1 cxd4 17. Bxd4 Bb4 18. Rc2 e5 19. Bc3 Bxc3 20. Rxc3 Nf6 21.
Rcc1 1/2-1/2

[Event "?"]
[Site "?"]
[Date "????.??.??"]
[Round "?"]
[White "Kothe, H."]
[Black "Nordenstrom, S."]
[Result "0-1"]
[WhiteElo "1754"]
[BlackElo "1929"]
[PlyCount "150"]
[EventDate "2013.??.??"]
[WhiteTeam "VS Seniorenschachklub DD"]
[BlackTeam "Schweden 4"]

1. e4 c5 2. Nf3 d6 3. d4 cxd4 4. Nxd4 Nf6 5. Nc3 a6 6. Be2 e5 7. Nb3 Be7 8. O-O
O-O 9. Be3 b5 10. Nd5 Nbd7 11. Nxe7+ Qxe7 12. f3 Nc5 13. Nxc5 dxc5 14. c4 Bd7
15. Qc2 b4 16. Bg5 h6 17. Bxf6 Qxf6 18. Rad1 Bc6 19. Rd2 Rad8 20. Rfd1 Rd4 21.
b3 a5 22. Rxd4 exd4 23. Bd3 g5 24. Qf2 Qe5 25. Qg3 f6 26. Qxe5 fxe5 27. h3 Ra8
28. Rd2 Kg7 29. Kf2 a4 30. Be2 Bd7 31. Bd1 Be6 32. Ke2 h5 33. Kd3 Kg6 34. g4
hxg4 35. hxg4 Rh8 36. Rg2 Rh1 37. Rd2 Re1 38. Bc2 Rc1 39. Bd1 Rc3+ 40. Ke2 Rc1
41. Kd3 Ra1 42. bxa4 Rc1 43. Bc2 Rf1 44. Bd1 Re1 45. Be2 Rh1 46. Rd1 Rh3 47.
Kc2 Bd7 48. Kd2 Bxa4 49. Rf1 Rh8 50. Rb1 Ra8 51. Rb2 Bd7 52. Rc2 Ra3 53. Bd3
Ba4 54. Rb2 Rc3 55. Rb1 b3 56. axb3 Bxb3 57. Rc1 Rxc1 58. Kxc1 Kf6 59. Be2 Ke7
60. Kb2 Ba4 61. Ka3 Be8 62. Bd3 Kd6 63. Bc2 Kc7 64. Bd1 Kb6 65. Bc2 Ka5 66. Bb3
Bf7 67. Ba2 d3 68. Kb3 d2 69. Kc2 Kb4 70. Kxd2 Bxc4 71. Bb1 Kb3 72. Bc2+ Kb2
73. Bd1 Bb3 74. Ke2 Bxd1+ 75. Kxd1 Kc3 0-1

[Event "?"]
[Site "?"]
[Date "????.??.??"]
[Round "?"]
[White "Nyberg, B."]
[Black "Hesse, M."]
[Result "1-0"]
[WhiteElo "1856"]
[BlackElo "2014"]
[PlyCount "37"]
[EventDate "2013.??.??"]
[WhiteTeam "Schweden 4"]
[BlackTeam "VS Seniorenschachklub DD"]

1. d4 Nf6 2. Bf4 d5 3. e3 e6 4. c3 c5 5. Nd2 Nc6 6. Ngf3 Bd7 7. Bd3 c4 8. Bc2
Be7 9. Ne5 O-O 10. h4 Ne8 11. Ndf3 f5 12. g4 Nd6 13. gxf5 exf5 14. Ng5 Ne4 15.
Bxe4 fxe4 16. Qh5 Bf5 17. Ngf7 Qc8 18. Rg1 Bf6 19. Nh6+ 1-0

[Event "?"]
[Site "?"]
[Date "????.??.??"]
[Round "?"]
[White "Westphal, N."]
[Black "Schutze, H."]
[Result "1/2-1/2"]
[WhiteElo "1900"]
[BlackElo "2070"]
[PlyCount "103"]
[EventDate "2013.??.??"]
[WhiteTeam "Chemie Radebeul"]
[BlackTeam "Dänemark 2"]

1. d4 Nf6 2. Nf3 e6 3. e3 b6 4. Bd3 Bb7 5. Nbd2 d5 6. O-O Nbd7 7. c4 Bd6 8. Qc2
c6 9. Re1 Qc7 10. h3 O-O 11. e4 e5 12. cxd5 cxd5 13. dxe5 Nxe5 14. Nxe5 Bxe5
15. Qxc7 Bxc7 16. exd5 Nxd5 17. a3 Rfe8 18. Nf3 Nf4 19. Bxf4 Bxf4 20. Rad1 Kf8
21. Bc4 Rxe1+ 22. Nxe1 Bc6 23. b3 b5 24. Be2 Rc8 25. Bg4 Rb8 26. Bf3 Be8 27. g3
Bc7 28. Nc2 Rd8 29. Rxd8 Bxd8 30. Nd4 Bb6 31. Nc6 f6 32. a4 Bf7 33. a5 Bc7 34.
b4 a6 35. Na7 Bb8 36. Nc8 Ke8 37. Bb7 Kd7 38. Bxa6 Kc7 39. Nb6 Kc6 40. Bc8 Be8
41. Be6 Bd6 42. Nd5 Kb7 43. h4 Bc6 44. h5 h6 45. g4 Ka6 46. Kf1 Bxd5 47. Bxd5
Bxb4 48. Ke2 Kxa5 49. Kd3 Kb6 50. f3 Kc5 51. Be4 Ba3 52. Bg6 1/2-1/2

[Event "?"]
[Site "?"]
[Date "????.??.??"]
[Round "?"]
[White "Poulsen, H."]
[Black "Richter, A."]
[Result "1-0"]
[WhiteElo "1853"]
[BlackElo "1673"]
[PlyCount "103"]
[EventDate "2013.??.??"]
[WhiteTeam "Dänemark 2"]
[BlackTeam "Chemie Radebeul"]

1. c4 Nf6 2. Nf3 g6 3. g3 d5 4. Bg2 c5 5. cxd5 Nxd5 6. O-O Bg7 7. Nc3 Nxc3 8.
dxc3 O-O 9. Qxd8 Rxd8 10. Be3 Na6 11. Rfd1 Be6 12. Ng5 Bc4 13. Bxb7 Bxe2 14.
Re1 Rab8 15. Rxe2 Rxb7 16. Ne4 Rd5 17. Rae1 Re5 18. Ng5 h6 19. Nf3 Re6 20. Bc1
Nc7 21. Nd2 Rxe2 22. Rxe2 Bf6 23. Ne4 Bg7 24. Nxc5 Rb5 25. Nb3 e5 26. Rd2 Ne6
27. Rd7 a5 28. Ra7 Rd5 29. Rxa5 Rd1+ 30. Kg2 e4 31. c4 Ng5 32. Bxg5 hxg5 33.
Rxg5 Rb1 34. Rd5 e3 35. fxe3 Rxb2+ 36. Rd2 Rb1 37. c5 Be5 38. Kf3 Kf8 39. Ke4
f6 40. Kd5 Ke7 41. Kc6 Re1 42. Kb7 Rxe3 43. c6 Rc3 44. Nd4 Rc4 45. Nb5 Rb4 46.
Rd5 Ke6 47. Rc5 Bd6 48. c7 Bxc7 49. Kxc7 Rb2 50. Nd4+ Ke7 51. Rc2 Rb4 52. Nc6+
1-0

[Event "?"]
[Site "?"]
[Date "????.??.??"]
[Round "?"]
[White "Ritter, F."]
[Black "Thygesen, E."]
[Result "1/2-1/2"]
[WhiteElo "1660"]
[BlackElo "2105"]
[PlyCount "54"]
[EventDate "2013.??.??"]
[WhiteTeam "Chemie Radebeul"]
[BlackTeam "Dänemark 2"]

1. e4 c5 2. Nf3 Nc6 3. d4 cxd4 4. Nxd4 Nf6 5. Nc3 d6 6. Be2 e5 7. Nb3 Be7 8.
Bg5 O-O 9. Qd2 a6 10. h4 Be6 11. g3 Ne8 12. Bxe7 Nxe7 13. O-O-O b5 14. Nc5 Qc7
15. Nxe6 fxe6 16. Bg4 Rf6 17. h5 Qc4 18. b3 Qc5 19. Rhf1 Rc8 20. Kb2 a5 21. f3
Nc6 22. Ne2 a4 23. c3 Kf7 24. b4 Qa7 25. a3 Ne7 26. f4 Qc7 27. Qd3 Qc4 1/2-1/2

[Event "?"]
[Site "?"]
[Date "????.??.??"]
[Round "?"]
[White "Nielsen, P."]
[Black "Portsch, C."]
[Result "1-0"]
[WhiteElo "1753"]
[BlackElo "1588"]
[PlyCount "43"]
[EventDate "2013.??.??"]
[WhiteTeam "Dänemark 2"]
[BlackTeam "Chemie Radebeul"]

1. e4 d6 2. d4 Nf6 3. Nc3 g6 4. Nf3 Bg7 5. h3 O-O 6. Be3 Re8 7. Qd2 Nbd7 8. Bc4
Nb6 9. Bb3 c6 10. O-O-O Qc7 11. g4 Nfd7 12. Bh6 Nf8 13. Bxg7 Kxg7 14. Rdg1 c5
15. dxc5 dxc5 16. Nd5 Nxd5 17. exd5 b5 18. c4 b4 19. h4 h6 20. h5 g5 21. Nxg5
f6 22. Nf7 1-0

[Event "?"]
[Site "?"]
[Date "????.??.??"]
[Round "?"]
[White "Schneider, M."]
[Black "Bjorgvik, J."]
[Result "1-0"]
[WhiteElo "1957"]
[BlackElo "1835"]
[PlyCount "69"]
[EventDate "2013.??.??"]
[WhiteTeam "Störtebeker"]
[BlackTeam "Norwegen 4"]

1. d4 d5 2. c4 e6 3. Nc3 Nf6 4. Bg5 Be7 5. Bxf6 Bxf6 6. e3 O-O 7. Bd3 a6 8. Nf3
Re8 9. O-O c6 10. Qc2 h6 11. Rfe1 dxc4 12. Bxc4 Nd7 13. Ne4 Nb6 14. Bb3 Be7 15.
a3 Nd5 16. Rac1 Nf6 17. Ba2 Nxe4 18. Qxe4 Qd6 19. Ne5 f6 20. Ng6 Bd7 21. f4 Bd8
22. Nh4 Kh8 23. Qg6 Re7 24. Bb1 f5 25. Bxf5 Kg8 26. Bb1 Be8 27. Qh7+ Kf8 28.
Qh8+ Kf7 29. Bg6+ Kf6 30. Qf8+ Bf7 31. Bxf7 Ba5 32. Qxa8 Bxe1 33. Rxe1 Rxf7 34.
Nf3 Qd5 35. Ne5 1-0

[Event "?"]
[Site "?"]
[Date "????.??.??"]
[Round "?"]
[White "Lie, T."]
[Black "Johannsen, I."]
[Result "0-1"]
[WhiteElo "1596"]
[BlackElo "1933"]
[PlyCount "104"]
[EventDate "2013.??.??"]
[WhiteTeam "Norwegen 4"]
[BlackTeam "Störtebeker"]

1. d4 b6 2. e4 Bb7 3. Bd3 e6 4. Nf3 d6 5. Be3 Nf6 6. Nbd2 Be7 7. c3 Nbd7 8. Qc2
e5 9. h3 c5 10. d5 a6 11. c4 O-O 12. g4 Ne8 13. g5 Nc7 14. O-O-O b5 15. Rdg1
Nb6 16. b3 Qd7 17. h4 a5 18. h5 a4 19. b4 bxc4 20. Nxc4 Nxc4 21. Qxc4 Ba6 22.
Qc2 Bxd3 23. Qxd3 cxb4 24. Nh4 Rfc8 25. Kd2 Nb5 26. Nf5 Bf8 27. Rc1 Rc3 28.
Rxc3 bxc3+ 29. Ke2 Rc8 30. Rc1 g6 31. hxg6 fxg6 32. Nh6+ Bxh6 33. gxh6 Qb7 34.
f4 exf4 35. Bxf4 Qd7 36. Kf2 Rf8 37. Kg3 Qf7 38. Rf1 g5 39. Qxb5 gxf4+ 40. Kf2
Qf6 41. Rg1+ Kh8 42. Qd3 f3 43. Rg4 Rg8 44. Rxg8+ Kxg8 45. a3 Kf7 46. Qc4 Kg6
47. Qxa4 Kg5 48. Qc4 Qf4 49. Qxc3 Qh2+ 50. Kxf3 Qh3+ 51. Ke2 Qxc3 52. a4 Kf4
0-1

[Event "?"]
[Site "?"]
[Date "????.??.??"]
[Round "?"]
[White "Mewes, H."]
[Black "Tveten, P."]
[Result "1-0"]
[WhiteElo "1899"]
[BlackElo "1593"]
[PlyCount "45"]
[EventDate "2013.??.??"]
[WhiteTeam "Störtebeker"]
[BlackTeam "Norwegen 4"]

1. c4 e5 2. g3 Nf6 3. Bg2 c6 4. d4 Bb4+ 5. Bd2 Bxd2+ 6. Qxd2 exd4 7. Qxd4 O-O
8. Nc3 Na6 9. Nf3 Nc7 10. O-O d5 11. cxd5 Ncxd5 12. Rad1 Be6 13. h3 Nxc3 14.
Qxc3 Qb6 15. b3 Ne4 16. Qc1 Nxg3 17. Rfe1 Ne4 18. Nd4 Bd5 19. Qf4 Nc3 20. Rd3
Nxa2 21. Nf5 Bxg2 22. Qg5 g6 23. Qf6 1-0

[Event "?"]
[Site "?"]
[Date "????.??.??"]
[Round "?"]
[White "Berger, F."]
[Black "Bußler, J."]
[Result "1/2-1/2"]
[WhiteElo "1660"]
[BlackElo "2024"]
[PlyCount "29"]
[EventDate "2013.??.??"]
[WhiteTeam "BSW/DBAG 5"]
[BlackTeam "SV Bannewitz"]

1. d4 d5 2. c4 c6 3. cxd5 cxd5 4. Nc3 Nf6 5. Nf3 Nc6 6. Bf4 a6 7. e3 Qb6 8. Qc1
Bf5 9. a3 Na5 10. Nd2 Rc8 11. b4 Nc6 12. Na4 Qa7 13. Qb2 b5 14. Nc5 e6 15. Ndb3
1/2-1/2

[Event "?"]
[Site "?"]
[Date "????.??.??"]
[Round "?"]
[White "Heinig, J."]
[Black "Förster, J."]
[Result "1-0"]
[WhiteElo "1828"]
[BlackElo "1761"]
[PlyCount "57"]
[EventDate "2013.??.??"]
[WhiteTeam "SV Bannewitz"]
[BlackTeam "BSW/DBAG 5"]

1. d4 d5 2. c4 e6 3. Nf3 Nf6 4. Nc3 Be7 5. Bf4 Nh5 6. Be5 Nd7 7. cxd5 exd5 8.
Nxd5 Nxe5 9. dxe5 Be6 10. Nxe7 Qxe7 11. Qa4+ Bd7 12. Qh4 Qxh4 13. Nxh4 Nf4 14.
e3 Nd5 15. O-O-O Nb4 16. a3 Nc6 17. f4 g6 18. h3 Ke7 19. Bd3 Rhd8 20. Nf3 Na5
21. Bc2 Nc4 22. Rhe1 c5 23. Ng5 h6 24. Ne4 Rac8 25. g4 Rc6 26. Nf6 Rb6 27. Nd5+
Ke8 28. Nxb6 Nxb6 29. e4 1-0